Ч. 2 : Переменный ток; Основной курс электротехники, разработанный на задачах и примерах

Бібліографічні деталі
Parent link:Основной курс электротехники, разработанный на задачах и примерах: руководство для технических школ и самостоятельного изучения/ В. А. Александров. Ч. 2 : Переменный ток.— , 1922
Мова:Російська
Опубліковано: 1922
Редагування:2-е изд.
Предмети:
Формат: Книга
KOHA link:https://koha.lib.tpu.ru/cgi-bin/koha/opac-detail.pl?biblionumber=310028

MARC

LEADER 00000nam2a2200000 4500
001 310028
005 20231102002240.0
035 |a (RuTPU)RU\TPU\book\335369 
035 |a RU\TPU\book\335367 
090 |a 310028 
100 |a 20151119d1922 m y0rusy50 ca 
101 0 |a rus 
102 |a RU 
105 |a a j 000zy 
200 0 |a Ч. 2 : Переменный ток 
205 |a 2-е изд. 
210 |d 1922 
215 |a 304 с.  |c ил. 
316 |5 63413507: 13//540  |a Множественные пометы в тексте 
317 |5 63413507: 13//540  |a Поступил в НТБ в октябре 1905 г. в дар от профессора Н. В. Гутовского 
461 1 |0 (RuTPU)RU\TPU\book\335362  |t Основной курс электротехники, разработанный на задачах и примерах  |o руководство для технических школ и самостоятельного изучения  |f В. А. Александров  |v Ч. 2 : Переменный ток  |d 1922 
606 1 |a Электротехника общая  |2 stltpush  |3 (RuTPU)RU\TPU\subj\20906  |9 45967 
610 1 |a переменный ток 
610 1 |a многофазные токи 
610 1 |a измерительные приборы 
610 1 |a альтернаторы 
610 1 |a трансформаторы 
610 1 |a моторы переменного тока 
610 1 |a распределительный щит 
610 1 |a электрическая тяга 
610 1 |a учебные пособия 
610 1 |a Коллекция Н. В. Гутовского 
801 1 |a RU  |b 63413507  |c 20151119 
801 2 |a RU  |b 63413507  |c 20210531  |g RCR 
942 |c BK